[Event "Kashem Chowdhury Rating-A 2019"]
[Site "Dhaka"]
[Date "2019.05.11"]
[Round "8.10"]
[White "Md., Sharif Hossain"]
[Black "Rahman, Syed Mahfuzur"]
[Result "0-1"]
[WhiteElo "2104"]
[BlackElo "2217"]
[Annotator "TA"]
[PlyCount "64"]
[EventDate "2019.05.04"]
[EventType "swiss"]
[EventCountry "BAN"]
[SourceTitle "playchess.com"]
[Source "ChessBase"]
[SourceQuality "1"]

{[%evp 9,64,16,12,7,13,14,2,9,21,-22,25,-42,-36,-31,-26,-63,-50,-59,-50,-38,-49,-59,-26,-59,0,0,0,-11,-11,-9,0,0,0,0,7,0,0,-65,0,-50,0,-66,-44,-1085,-231,-260,-249,-1307,-1304,-29991,-29992,-29993,-29994,-29994,-29995,-29996,-29997]} 1. e4 c5 2. Nf3 d6 3. Bb5+ Nd7 4. c4 Ngf6 5. Nc3 g6 6. d4 {B51: Sicilian: Moscow Variation (3 Bb5+) without 3...Bd7} (6. O-O Bg7 7. Ba4 O-O 8. h3 Nb6 9. Bb3 e5 10. d3 Ne8 11. Bg5 f6 12. Be3 f5 13. Bg5 Bf6 {0-1 (43) Safarli,E (2664)-Giri,A (2790) Shamkir 2016}) 6... cxd4 7. Nxd4 Bg7 8. O-O {The position is equal.} O-O 9. f3 $146 (9. Bxd7 $5 Bxd7 10. b3 $11) ({Predecessor:} 9. Ba4 Nb6 10. Bb3 Bd7 11. Bg5 h6 12. Bh4 {0-1 (30) Tsydypov,Z (2451)-Lu,S (2615) St Petersburg 2016}) 9... Ne5 10. f4 ({Only move:} 10. b3 $1 $11) 10... a6 {Strongly threatening ...Neg4.} 11. fxe5 dxe5 12. Nc2 {aiming for Ba4.} axb5 13. Qxd8 Rxd8 14. cxb5 Be6 15. Re1 Nh5 16. Be3 Nf4 (16... f5 $15) 17. Nb4 $11 Bc4 18. g3 Nd3 19. Nxd3 Rxd3 20. a4 f5 21. a5 {[#]} f4 $1 {[%mdl 512]} 22. Bf2 (22. gxf4 exf4) 22... Rd2 23. Ra4 ({White should play} 23. b3 $11 Bxb3 24. a6 bxa6 25. bxa6) 23... Bd3 $15 24. b4 e6 25. b6 (25. Raa1 $1 $11) 25... Bf8 $36 {[%mdl 2048] Hoping for ...Rc2. Black is pushing.} 26. Bc5 $2 {[%mdl 8192]} (26. Rc1 $15) 26... f3 $2 (26... Bxc5+ 27. bxc5 f3) 27. Bf2 $19 Rc8 28. a6 $2 (28. Ra2 Rxa2 29. Nxa2) 28... Rxc3 ({Less strong is} 28... bxa6 29. Ra2 $17) 29. axb7 Rcc2 {Black mates.} 30. Ra8 Rxf2 31. Rxf8+ {[#]} Kg7 $1 32. Re2 Rfxe2 {Accuracy: White = 42%, Black = 61%.} 0-1

[Event "Kashem Chowdhury Rating-A 2019"]
[Site "Dhaka"]
[Date "2019.05.11"]
[Round "8.11"]
[White "Tajwar, Zia Tahsin"]
[Black "Md. Masum Hossain"]
[Result "*"]
[WhiteElo "1969"]
[BlackElo "1995"]
[Annotator "NA RC"]
[PlyCount "121"]
[EventDate "2019.05.04"]
[EventType "swiss"]
[EventCountry "BAN"]
[SourceTitle "playchess.com"]
[Source "ChessBase"]
[SourceQuality "1"]
[TimeControl "5400+30"]

1. d4 {[%emt 1:30:30]} Nf6 {[%emt 1:30:30]} 2. Nf3 {[%emt 0:00:30]} e6 {[%emt 0:00:30]} 3. Bf4 {[%emt 0:00:30]} d5 {[%emt 0:00:30]} 4. e3 {[%emt 0:00:30]} Bd6 {[%emt 0:00:30]} 5. Bg3 {[%emt 0:00:30]} Nbd7 {[%emt 0:00:30]} 6. Nbd2 {[%emt 0:00:30]} Qe7 {[%emt 0:00:30]} 7. Ne5 {[%emt 0:00:30]} Nb6 {[%emt 0:00:30]} 8. f4 {[%emt 0:00:30]} g6 {[%emt 0:00:30]} 9. Bh4 {[%emt 0:00:30]} Qd8 {[%emt 0:00:30]} 10. Bb5+ {[%emt 0:00:30]} Bd7 {[%emt 0:00:30]} 11. Nxd7 {[%emt 0:00:30]} Nbxd7 {[%emt 0:00:30]} 12. Bxd7+ {[%emt 0:00:30]} Kxd7 {[%emt 0:00:30]} 13. Nf3 {[%emt 0:00:30]} Be7 {[%emt 0:00:30]} 14. Ne5+ {[%emt 0:00:30]} Ke8 {[%emt 0:00:30]} 15. Bxf6 {[%emt 0:00:30]} Bxf6 {[%emt 0:00:30]} 16. O-O {[%emt 0:00:30]} Bg7 {[%emt 0:00:30]} 17. Qg4 {[%emt 0:00:30]} Qe7 {[%emt 0:00:30]} 18. Nd3 {[%emt 0:00:30]} h5 {[%emt 0:00:30]} 19. Qf3 {[%emt 0:00:30]} Rc8 {[%emt 0:00:30]} 20. a4 {[%emt 0:00:30]} Kf8 {[%emt 0:00:30]} 21. c3 {[%emt 0:00:30]} Bf6 {[%emt 0:00:30]} 22. e4 {[%emt 0:00:30]} dxe4 {[%emt 0:00:30]} 23. Qxe4 {[%emt 0:00:30]} c6 {[%emt 0:00:30]} 24. b4 {[%emt 0:00:30]} Qd6 {[%emt 0:00:30]} 25. a5 {[%emt 0:00:30]} a6 {[%emt 0:00:30]} 26. Nc5 {[%emt 0:00:30]} Rc7 {[%emt 0:00:30]} 27. Rae1 {[%emt 0:00:30]} Kg7 {[%emt 0:00:30]} 28. Qf3 {[%emt 0:00:30]} Kh7 {[%emt 0:00:30]} 29. Re3 {[%emt 0:00:30]} Qd5 {[%emt 0:00:30]} 30. Qe2 {[%emt 0:00:30]} Qf5 {[%emt 0:00:30]} 31. h3 {[%emt 0:00:30]} h4 {[%emt 0:00:30]} 32. Qe1 {[%emt 0:00:30]} Rg8 {[%emt 0:00:30]} 33. Re5 {[%emt 0:00:30]} Bxe5 {[%emt 0:00:30]} 34. fxe5 {[%emt 0:00:30]} Qh5 {[%emt 0:00:30]} 35. Ne4 {[%emt 0:00:30]} Kg7 {[%emt 0:00:30]} 36. Qf2 {[%emt 0:00:30]} Qf5 {[%emt 0:00:30]} 37. Qe3 {[%emt 0:00:30]} Qh5 {[%emt 0:00:30]} 38. Nf6 {[%emt 0:00:30]} Qh8 {[%emt 0:00:30]} 39. Nxg8 {[%emt 0:00:30]} Kxg8 {[%emt 0:00:30]} 40. Qg5 {[%emt 0:00:30]} Rd7 {[%emt 0:00:30]} 41. Rf4 {[%emt 0:00:30]} Qg7 {[%emt 0:00:30]} 42. Rxh4 {[%emt 0:00:30]} Kf8 {[%emt 0:00:30]} 43. Rf4 {[%emt 0:00:30]} Kg8 {[%emt 0:00:30]} 44. h4 {[%emt 0:00:30]} Qh7 {[%emt 0:00:30]} 45. g4 {[%emt 0:00:30]} Kf8 {[%emt 0:00:30]} 46. Kg2 {[%emt 0:00:30]} Ke8 {[%emt 0:00:30]} 47. Kg3 {[%emt 0:00:30]} Re7 {[%emt 0:00:30]} 48. Rf6 {[%emt 0:00:30]} Rd7 {[%emt 0:00:30]} 49. Qe3 {[%emt 0:00:30]} Rd8 {[%emt 0:00:30]} 50. Qd3 {[%emt 0:00:30]} Qh8 {[%emt 0:00:30]} 51. Qc4 {[%emt 0:00:30]} Rd5 {[%emt 0:00:30]} 52. Qd3 {[%emt 0:00:30]} Rd8 {[%emt 0:00:30]} 53. Qf3 {[%emt 0:00:30]} Rd7 {[%emt 0:00:30]} 54. h5 {[%emt 0:00:30]} gxh5 {[%emt 0:00:30]} 55. gxh5 {[%emt 0:00:30]} Qg7+ {[%emt 0:00:30]} 56. Qg4 {[%emt 0:00:30]} Qxg4+ {[%emt 0:00:30]} 57. Kxg4 {[%emt 0:00:30]} Kf8 {[%emt 0:00:30]} 58. Kg5 {[%emt 0:00:30]} Kg7 {[%emt 0:00:30]} 59. h6+ {[%emt 0:00:30]} Kh7 {[%emt 0:00:30]} 60. Rf3 {[%emt 0:00:30]} Rc7 {[%emt 0:00:30]} 61. Kf6 {[%emt 0:00:30]} *

[Event "Kashem Chowdhury Rating-A 2019"]
[Site "Dhaka"]
[Date "2019.05.11"]
[Round "8.11"]
[White "Tajwar, Zia Tahsin"]
[Black "Md. Masum Hossain"]
[Result "1-0"]
[WhiteElo "1969"]
[BlackElo "1995"]
[Annotator "NA RC"]
[PlyCount "59"]
[EventDate "2019.05.04"]
[EventType "swiss"]
[EventCountry "BAN"]
[SourceTitle "playchess.com"]
[Source "ChessBase"]
[SourceQuality "1"]
[TimeControl "5400+30"]

{[%evp 8,59,-4,-4,0,-6,0,0,0,-2,62,50,43,113,300,311,334,386,637,95,403,370,575,590,551,625,597,641,638,717,653,740,664,612,616,32767,32767,613,941,1082,32767,1224,1123,1395,1402,1515,1722,2114,2392,29984,29984,32767,29990,29991]} 1. d4 {[%emt 1:30:30]} d5 {[%emt 1:30:30]} 2. Bf4 {[%emt 0:00:30]} Nf6 {[%emt 0:00:30]} 3. e3 {[%emt 0:00:30]} c5 {[%emt 0:00:30]} 4. Nd2 {[%emt 0:00:30]} (4. c3 Nc6 5. Nd2 Qb6 6. Qb3 Nh5 7. Qxb6 axb6 8. Bc7 cxd4 9. exd4 e5 10. Bxe5 Nxe5 11. dxe5 Bc5 12. g3 O-O {1-0 (76) Aronian,L (2765)-Caruana,F (2832) London 2018}) 4... Nc6 {[%emt 0:00:30]} 5. Ngf3 {[%emt 0:00:30]} Qb6 {[%emt 0:00:30]} 6. dxc5 {[%emt 0:00:30] D00: 1 d4 d5: Unusual lines} Qxb2 {[%emt 0:00:30]} 7. Rb1 {[%emt 0:00:30]} Qc3 8. Bb5 {[%emt 0:00:30]} Nd7 {[%emt 0:01:00]} ({Black should play} 8... e6 $11) 9. O-O {[%emt 0:00:30]} e6 {[%emt 0:00:30] [#]} 10. e4 $1 {[%emt 0:00:30]} Qxc5 $146 {[%emt 0:00:30]} ({Predecessor:} 10... a6 $16 {was worth a try.} 11. Bd3 Nxc5 12. Re1 Nxd3 13. cxd3 dxe4 14. Nxe4 {1-0 (25) Rusev,K (2538)-Heinemann,J (2275) Albena 2017}) 11. c4 {[%emt 0:00:30]} dxc4 {[%emt 0:00:30]} 12. Nxc4 {[%emt 0:00:30]} Be7 $2 {[%emt 0:00:30]} (12... a6) 13. Ne1 $2 {[%emt 0:00:30]} (13. Be3 $18 {and White stays clearly on top.} Qh5 14. Nd6+ Kf8 15. Nxc8) 13... O-O $2 {[%emt 0:00:30] [#]} (13... Qd4 $16) 14. Be3 $1 {[%emt 0:00:30]} Rd8 {[%emt 0:00:30]} (14... Nd4 $142 15. Bxd4 Qc7) 15. Bxc5 {[%emt 0:00:30]} Nxc5 {[%emt 0:00:30]} 16. Qh5 {[%emt 0:00:30]} g6 {[%emt 0:00:30]} 17. Qh6 {[%emt 0:00:30]} Nxe4 {[%emt 0:00:30]} 18. Bxc6 {[%emt 0:00:30]} bxc6 {[%emt 0:00:30]} 19. Nf3 {[%emt 0:00:30]} Ba6 {[%emt 0:00:30]} 20. Rbc1 {[%emt 0:00:30]} Rd5 {[%emt 0:00:30]} 21. Qe3 {[%emt 0:00:30]} f5 {[%emt 0:00:30]} 22. Qb3 {[%emt 0:00:30]} g5 {[%emt 0:00:30]} 23. Ne3 {[%emt 0:00:30]} g4 {[%emt 0:00:30]} 24. Nxd5 {[%emt 0:00:30]} cxd5 {[%emt 0:00:30]} 25. Nd4 {[%emt 0:00:30]} Kf7 {[%emt 0:00:30] [#]} 26. Nxe6 $1 {[%emt 0:00:30]} Kxe6 {[%emt 0:00:30]} 27. Rc6+ {[%emt 0:00:30] Double Attack} Ke5 {[%emt 0:00:30]} 28. Rxa6 {[%emt 0:00:30]} Bc5 {[%emt 0:00:30]} 29. Qb2+ {[%emt 0:00:30]} Bd4 {[%emt 0:00:30] [#]} 30. Qb7 {[%emt 0:00:30] Double Attack} 1-0

[Event "Kashem Chowdhury Rating-A 2019"]
[Site "Dhaka"]
[Date "2019.05.12"]
[Round "9.1"]
[White "Hossain, Enamul"]
[Black "Mohammad Minhaz Uddin"]
[Result "1/2-1/2"]
[WhiteElo "2442"]
[BlackElo "2294"]
[Annotator "TA"]
[PlyCount "34"]
[EventDate "2019.05.04"]
[EventType "swiss"]
[EventCountry "BAN"]
[SourceTitle "playchess.com"]
[Source "ChessBase"]
[SourceQuality "1"]

{[%evp 15,16,19,27]} 1. Nf3 Nf6 2. g3 g6 3. Bg2 Bg7 4. O-O O-O 5. d4 d5 6. c4 c6 7. cxd5 cxd5 8. Nc3 Nc6 {Predecessor:} 9. Ne5 $146 Ng4 10. Nxc6 bxc6 11. h3 Nh6 12. Bxh6 Bxh6 13. e3 Bg7 14. Rc1 e5 15. dxe5 Bxe5 16. Na4 Bd7 17. Qd2 Rb8 {1-0 (37) Bok,B (2640)-Shirov,A (2644) Berlin 2018} 1/2-1/2

[Event "Kashem Chowdhury Rating-A 2019"]
[Site "Dhaka"]
[Date "2019.05.12"]
[Round "9.2"]
[White "Rahman, Ziaur"]
[Black "Sumit, Kumar"]
[Result "1-0"]
[WhiteElo "2485"]
[BlackElo "2201"]
[Annotator "TA"]
[PlyCount "75"]
[EventDate "2019.05.04"]
[EventType "swiss"]
[EventCountry "BAN"]
[SourceTitle "playchess.com"]
[Source "ChessBase"]
[SourceQuality "1"]

{[%evp 23,75,24,59,10,10,12,13,16,22,15,17,10,73,74,93,81,71,60,91,21,16,17,83,64,62,72,60,45,47,41,43,46,53,46,71,85,97,50,85,37,39,0,0,0,32,27,117,62,64,50,204,187,236,-21]} 1. Nf3 Nf6 2. g3 e6 3. Bg2 d5 4. O-O Be7 5. c4 O-O 6. b3 b6 7. Bb2 Bb7 8. e3 c5 9. Nc3 Nc6 {[%cal Bb8c6,Bc6b4,Bb4d3][%mdl 32]} 10. cxd5 Nxd5 11. Nxd5 exd5 12. d4 Bf6 13. Rc1 {A14: English Opening: 1...e6 with b3 by White} (13. Qd2 Qe7 14. Rac1 Rac8 15. Bh3 Rcd8 16. Ba3 Nb4 17. Bxb4 cxb4 18. Rc2 Bc8 19. Bxc8 Rxc8 20. Rfc1 Rxc2 21. Qxc2 g6 22. Qc7 Re8 23. Qxe7 Rxe7 {1-0 (37) Mikhalevski,V (2581)-Arruebarrena,R (2267) Edmonton 2018}) 13... Ba6 14. Re1 Nb4 15. Ra1 {The position is equal.} Nd3 16. Re2 Nxb2 17. Rxb2 b5 $146 (17... Rc8 $11) ({Predecessor:} 17... Qe7 18. Rc1 Rad8 19. Rbc2 c4 20. bxc4 Bxc4 {1-0 (57) Sipos,I (2477)-Rasevic,S Arolo di Leggiuno 2014}) 18. Bf1 $16 Qa5 {[#]} 19. b4 $1 {[%mdl 512]} cxb4 20. Qb3 Bb7 21. Ne1 (21. Qxb4 $16 Qxb4 22. Rxb4) 21... Be7 $1 $11 22. Nd3 {[%cal Rd3b4]} Qd8 (22... Rac8 $11) 23. Nxb4 $16 a5 24. Nd3 b4 25. Rc1 Ba6 26. Nc5 Bxf1 27. Kxf1 Qd6 28. Kg2 Rfc8 29. Rbc2 h5 30. h4 Rcb8 31. Qa4 Qg6 32. Nd7 Rd8 33. Kg1 $36 {[%mdl 2048] White has some pressure.} Bd6 34. Nb6 Rab8 (34... Bxg3 $11 {remains equal.} 35. Nxa8 Bxh4+ 36. Kh2 Rxa8) 35. Nxd5 (35. Nc8 $16 Qe6 36. Nxd6 Rxd6 37. Qxa5) 35... Qe4 36. Qc6 {[#] Strongly threatening Nf6+!} Kh8 $2 ({Black should play} 36... Qg4 $14) 37. Nxb4 Qf5 38. Qd5 $2 {[%mdl 32768] Accuracy: White = 47%, Black = 38%. . Loss on time!?} (38. Na6 $18 Rbc8 39. Qxc8 Rxc8 40. Rxc8+ Kh7 41. R8c3) 1-0

[Event "Kashem Chowdhury Rating-A 2019"]
[Site "Dhaka"]
[Date "2019.05.12"]
[Round "9.3"]
[White "Mohammad Fahad, Rahman"]
[Black "Islam, Mohammad Aminul"]
[Result "1-0"]
[WhiteElo "2322"]
[BlackElo "2027"]
[Annotator "TA"]
[PlyCount "83"]
[EventDate "2019.05.04"]
[EventType "swiss"]
[EventCountry "BAN"]
[SourceTitle "playchess.com"]
[Source "ChessBase"]
[SourceQuality "1"]

{[%evp 19,83,0,7,2,54,41,47,47,56,31,26,24,90,85,106,103,105,70,83,65,98,74,403,175,175,164,185,180,151,0,386,372,375,346,353,290,332,271,289,270,687,652,656,619,818,693,701,683,630,551,699,677,697,699,687,681,635,660,662,511,504,499,496,491,611,612]} 1. e4 e5 2. Nf3 Nc6 3. Bb5 a6 4. Ba4 Nf6 5. O-O Nxe4 6. d4 b5 7. Bb3 d5 8. dxe5 Be6 9. c3 Bc5 10. Nbd2 O-O 11. Bc2 {C82: Open Ruy Lopez: 9 c3 without 9...Be7} Nxd2 ({Black should play} 11... Bxf2+ $11 12. Rxf2 Nxf2 13. Kxf2 Bg4) (11... Nxf2 12. Rxf2 f6 13. Nf1 Bxf2+ 14. Kxf2 fxe5 15. Kg1 Qd6 16. Ng3 h6 17. Qe1 Bg4 18. Nh4 e4 19. h3 Bd7 20. Be3 Qf6 {½-½ (42) Vachier Lagrave,M (2779)-Mamedyarov,S (2801) Biel 2018}) 12. Bxd2 $14 Bg4 {Black wants to play ...Nxe5!} 13. Bf4 {White is slightly better.} Bh5 14. Qd3 $146 {[%csl Gc2][%cal Rd3h7]} ({Predecessor:} 14. Qe2 Re8 15. Rfe1 Bb6 16. Rad1 Na5 17. Bf5 c6 18. Qd3 Bg6 19. Bxg6 hxg6 {1-0 (64) Kusiak,M (2241)-Bemak,M (2143) Slovakia 2016}) 14... Bg6 15. Qd2 Re8 (15... Ne7 $11 {remains equal.}) 16. Bxg6 $16 hxg6 17. Rad1 Ne7 18. Ng5 c6 19. Qd3 Qc8 20. Rfe1 Qf5 $2 {[%mdl 8192]} (20... Qg4 $16 21. Qf3 Qxf3 22. Nxf3 a5) 21. Qg3 (21. Qf3 $142) 21... f6 $18 22. exf6 {[%mdl 64] [#] Discovered Attack} gxf6 23. Ne6 Bb6 24. Bh6 $2 (24. Bc7 $16 Ba7 25. h4) 24... Rac8 $2 {[%mdl 8192]} (24... Qh5 $1 $11 {and Black is okay.} 25. Ng7 Qxh6 26. Nxe8 Rxe8) 25. Ng7 {[%mdl 64] Double Attack} Qd7 26. Nxe8 Rxe8 27. Be3 Bc7 28. Bf4 Bb6 29. Re2 {And now Rde1 would win.} g5 $2 (29... Kf7 30. Rde1 Nf5) 30. Rde1 {White is clearly winning.} Kf7 31. Bd6 Bd8 32. Bc5 Nf5 {[#]} 33. Qh3 $1 Rxe2 34. Rxe2 {Strongly threatening Qh5+.} ({Not} 34. Qh7+ Ng7 $18) 34... Kg6 35. Qh8 Bc7 36. Qg8+ Qg7 37. Qe8+ {[%mdl 64] Double Attack} Qf7 38. Qxc6 g4 39. Qe8 Be5 40. Qxf7+ Kxf7 41. g3 Kg6 42. Rd2 {Accuracy: White = 60%, Black = 39%.} 1-0

[Event "Kashem Chowdhury Rating-A 2019"]
[Site "Dhaka"]
[Date "2019.05.12"]
[Round "9.4"]
[White "Islam, Kh. Aminul"]
[Black "Avik, Sarker"]
[Result "1-0"]
[WhiteElo "2229"]
[BlackElo "2000"]
[Annotator "TA"]
[PlyCount "43"]
[EventDate "2019.05.04"]
[EventType "swiss"]
[EventCountry "BAN"]
[SourceTitle "playchess.com"]
[Source "ChessBase"]
[SourceQuality "1"]

{[%evp 26,69,93,81,81,83,96,97,87,93,102,93,87,102,204,76,93,90,475,474,359,322,315,307,488,445,621,563,620,595,585,465,467,447,652,603,956,967,2026,1315,29985,29986,29985,29986,29991,29992]} 1. d4 d5 2. c4 e6 3. Nf3 Nf6 4. g3 Be7 5. Bg2 O-O 6. O-O c6 7. Qc2 b6 8. Rd1 Bb7 9. Nc3 Nbd7 10. b3 Rc8 11. e4 c5 12. exd5 exd5 13. Bb2 dxc4 14. d5 {[#] And now d6 would win.} Ne8 {E08: Closed Catalan: Main Line: 7 Qc2} 15. bxc4 Nd6 16. Bf1 $146 ({Predecessor:} 16. Nd2 Bf6 17. a4 Ra8 18. Nce4 Bxb2 19. Qxb2 Nf6 20. Nxd6 Qxd6 21. a5 Rab8 22. axb6 axb6 {½-½ (34) Porat,S (2386)-Nguyen,N (2436) Budapest 2004}) 16... Bf6 {White is better.} 17. a4 a5 18. Nd2 Re8 19. Re1 Nb8 (19... Rxe1 $16 20. Rxe1 Ba6) 20. Nce4 (20. Bh3 $18 {is more deadly.}) 20... Bxb2 $16 21. Qxb2 {Black must now prevent Bh3.} Nf5 $2 {[%mdl 8192]} (21... Na6 $16 {is tougher.}) 22. Rab1 {Played: Bf1-h3} 1-0

[Event "Kashem Chowdhury Rating-A 2019"]
[Site "Dhaka"]
[Date "2019.05.12"]
[Round "9.5"]
[White "Sonkalan Bharati"]
[Black "Ghosh, Chanchal Kumer"]
[Result "1-0"]
[WhiteElo "2122"]
[BlackElo "2051"]
[Annotator "TA"]
[PlyCount "147"]
[EventDate "2019.05.04"]
[EventType "swiss"]
[EventCountry "BAN"]
[SourceTitle "playchess.com"]
[Source "ChessBase"]
[SourceQuality "1"]

{[%evp 19,147,-3,24,23,27,21,26,23,117,124,130,119,131,132,131,118,118,120,125,125,125,99,116,102,105,102,252,279,264,255,316,425,420,414,414,418,414,385,352,347,524,523,415,553,572,454,558,550,550,550,536,535,586,459,458,458,460,459,466,466,466,466,466,466,466,465,466,466,604,604,604,589,589,589,579,556,528,466,466,388,652,646,609,532,609,442,1612,435,12043,12043,10974,12031,8661,8114,6723,6350,7141,6099,6054,5997,5791,5748,5494,0,2477,2397,5687,2782,29967,1477,29973,29974,29972,29966,29976,29977,29975,29976,29978,29978,29977,29976,29980,29971,29984,29985,29985,29986,29986,29986]} 1. e4 c5 2. d4 cxd4 3. c3 dxc3 4. Nxc3 Nc6 5. Nf3 d6 6. Bc4 e6 7. O-O Be7 8. Qe2 Nf6 9. Rd1 e5 10. Be3 Bg4 11. h3 {B21: Sicilian: 2 f4 and Morra Gambit} Bh5 12. g4 Bg6 13. Nh4 {White has an edge.} Nxe4 (13... Na5 $11) (13... O-O 14. Nxg6 hxg6 15. a3 Nh7 16. Kg2 Rc8 17. Ba2 Kh8 18. Rd3 Nd4 {0-1 (38) Strbac,M (2320)-Solomunovic,I (2399) Valjevo 2018}) 14. Nxg6 $16 Nxc3 {[#]} 15. Bxf7+ $1 {[%mdl 512]} Kxf7 16. Nxh8+ Kg8 17. bxc3 $146 ({Predecessor:} 17. Qc4+ Kxh8 18. Qxc3 d5 {0-1 (27) Voronov,V (1936)-Bertavicius,V Palanga 2011}) 17... Kxh8 18. Rd5 Qc7 19. Rad1 Rf8 20. Qd3 b6 21. Qe4 g5 22. c4 {[%cal Bc3c4,Bc4c5][%mdl 32]} Nd8 {[#]} (22... Nb4 $16) 23. c5 $1 $18 {[%cal Rc5d6]} bxc5 {[#]} 24. Bxc5 $1 {[%mdl 512]} dxc5 (24... Rf4 25. Qg2 $18 (25. Bxd6 Qxd6 26. Rxd6 Rxe4 $18)) 25. Rd7 Qc6 26. Qxe5+ Bf6 {[#]} 27. Qf5 $1 {[%csl Gd7][%cal Rf5h7][%mdl 512]} Nf7 28. R1d5 Qb6 29. Rxc5 Kg7 (29... Bd8 $142 30. Rc8 Qg6 31. Rcxd8 Rxd8 32. Qxg6 (32. Qxf7 Rxd7 33. Qxd7 Qb1+ 34. Kh2 Qxa2 $16) (32. Rxf7 Rd1+ 33. Kg2 Qc6+ 34. Qf3 Qxf3+ 35. Rxf3 Rd7 $16) 32... hxg6 33. Rxf7 a5) 30. Rcc7 a6 31. Kg2 Kg8 32. Qd5 {[%cal Rd7f7]} Qb5 {[#]} 33. Qe6 $1 {[%cal Rd7f7][%mdl 512]} Qe5 {[#]} 34. Qc4 $1 {[%cal Rd7f7][%mdl 512]} Qe8 35. a4 a5 {[#]} 36. Rxf7 $1 {[%mdl 512]} Rxf7 (36... Qxf7 37. Rxf7) 37. Rc8 Bd8 {Hoping for ...Qd7.} 38. Qd5 Kg7 {Threatens to win with ...Qe2!} 39. Rxd8 {[%mdl 4096] Endgame KQR-KQR} Qe7 40. Qd4+ Qf6 41. Qxf6+ Rxf6 {KR-KR} 42. Ra8 Rc6 43. Rxa5 Kg6 44. Rb5 Rc3 45. a5 Ra3 46. Rb6+ Kg7 47. a6 h6 48. Rb7+ Kg6 49. a7 Kf6 $2 (49... h5 50. Kg1 Ra2) 50. Kf1 Ra2 51. Ke1 Ke6 52. Rh7 Ke5 (52... Kf6 $142 53. Rb7 (53. Rxh6+ Kg7 $18) 53... Kg6) 53. Kf1 (53. Rxh6 $142 Rxa7 54. Rg6) 53... Ra6 (53... Kf6 $142 54. Kg2 Kg6) 54. Kg2 Ra3 55. Rxh6 Rxa7 56. Rg6 Kf4 57. Rf6+ Ke4 58. Re6+ Kf4 59. Re8 Rb7 60. Re2 Rb3 61. Re8 (61. Re6 $142 Rb8 62. Rf6+ Ke5 63. Rf5+ {[%mdl 64] Double Attack} Ke6 64. Rxg5) 61... Rb7 $1 62. Rf8+ Ke4 63. Rf5 Rg7 64. Kg3 (64. f3+ $142 Ke3 65. Kg3 Rd7 66. Re5+ Kd4 67. Rxg5 Ke3 68. h4 Kd4 69. h5) 64... Rg8 65. f4 {White mates.} gxf4+ 66. Rxf4+ Ke5 67. Rf3 Ra8 68. g5 Ra1 69. Kg4 Ra4+ 70. Kh5 Ke6 71. h4 Ke7 72. g6 Ra5+ 73. Kh6 Ra6 74. h5 {Accuracy: White = 82%, Black = 34%.} 1-0

[Event "Kashem Chowdhury Rating-A 2019"]
[Site "Dhaka"]
[Date "2019.05.12"]
[Round "9.6"]
[White "Mehdi Hasan Parag"]
[Black "Subrota, Biswas"]
[Result "1-0"]
[WhiteElo "2227"]
[BlackElo "2086"]
[Annotator "TA"]
[PlyCount "61"]
[EventDate "2019.05.04"]
[EventType "swiss"]
[EventCountry "BAN"]
[SourceTitle "playchess.com"]
[Source "ChessBase"]
[SourceQuality "1"]

{[%evp 19,61,24,19,7,17,5,27,31,63,63,132,134,127,138,133,148,147,137,160,129,251,228,231,240,234,225,231,195,164,171,226,217,221,221,242,160,461,449,541,523,1417,1307,29992,701]} 1. e4 c5 2. Nf3 d6 3. d4 cxd4 4. Nxd4 Nf6 5. Nc3 a6 6. Be3 e5 7. Nb3 Be6 8. f3 Nbd7 9. g4 b5 10. g5 Nh5 11. Qd2 {B90: Sicilian Najdorf: Unusual White 6th moves, 6 Be3 Ng4 and 6 Be3 e5} Nb6 (11... Be7 12. O-O-O b4 13. Nd5 Bxd5 14. Qxd5 O-O 15. Kb1 Qc7 16. Bh3 Nf4 17. Bxf4 Nb6 18. Qa5 exf4 19. Rd4 Ra7 20. Rxb4 {½-½ (49) Pourramezanali,A (2529)-Safarli,E (2681) Bandar e Anzali 2019}) 12. Na5 Qc7 13. Nd5 {White has an edge.} Bxd5 $146 ({Predecessor:} 13... Nxd5 14. exd5 Bd7 15. Bd3 g6 16. O-O-O Bg7 17. Kb1 O-O 18. Rc1 f5 {½-½ (71) Milic,S (1912)-Marinkov,S (2071) Belgrade 2006}) 14. exd5 Nf4 ({Black should play} 14... Be7 $14) 15. Bxf4 $16 exf4 16. O-O-O ({Don't do} 16. Qxf4 $6 Be7 $14) 16... Be7 {[#]} 17. h4 $1 ({Don't play} 17. Qxf4 $6 h6 $14) 17... Qc5 18. Nc6 {And now Bh3 would win.} Qe3 19. Bh3 Kf8 (19... Nc4 $16 20. Qxe3 Nxe3) 20. Rhe1 $18 Qxd2+ 21. Rxd2 Bd8 22. Rde2 {[%csl Ge1][%cal Re2e8]} Bc7 23. h5 Nxd5 24. Re4 Ne3 (24... Bb6 {keeps fighting.}) 25. Rxf4 $40 {[%mdl 128] White is out for blood.} d5 26. Rd4 Nc4 27. Rxd5 f6 $2 (27... Bf4+ $16 {is more resistant.} 28. Kb1 g6) 28. Nd4 {Ne6+ is the strong threat.} Bf4+ 29. Kb1 {aiming for Ne6+.} Bxg5 30. Ne6+ {[%mdl 64] Double Attack} Kg8 31. Nxg5 {Accuracy: White = 97%, Black = 30%.} (31. Rd7 $142 Nd2+ 32. Ka1 Bh6 {[#]} 33. Rg1 $1 {[%mdl 512]} Ra7 34. Rxa7 g6 35. hxg6 Nb3+ 36. axb3 hxg6 37. Rxg6+ {[%mdl 64] Double Attack} Bg7 38. Rgxg7#) 1-0